000
00292nam a2200121Ia 4500
008
190216s9999||||xx |||||||||||||| ||und||
100
_a
Kshama Chadurvedi
245
0
_a
Hindi-Sikshak Digdashika
260
_b
Sree Nagosha Publications
_c
2008
300
_a
193
650
_a
Hindi
942
_c
BK
999
_c
16663
_d
16663